Statistics for Oceania - Countries by Capitals with Map

Click here to take the quiz!

General Stats

  • This quiz has been taken 208 times
  • The average score is 11 of 14

Answers on the Map

Answers color-coded by a green-red scale on the quiz's map according to % correct below.
 

Answer Stats

Capital(s)Country% Correct
CanberraAustralia
100%
WellingtonNew Zealand
93%
Port MoresbyPapua New Guinea
91%
ApiaSamoa
90%
SuvaFiji
88%
FunafutiTuvalu
86%
HoniaraSolomon Islands
76%
NukuʻalofaTonga
76%
PalikirFederated States of Micronesia
73%
South TarawaKiribati
73%
NgerulmudPalau
73%
Port VilaVanuatu
73%
MajuroMarshall Islands
72%
YarenNauru
71%

Score Distribution

Percentile by Number Answered

Percent of People with Each Score

Your Score History

You have not taken this quiz